El mobiliario : antigüedad, Edad Media y Renacimiento /

Guardado en:
Detalles Bibliográficos
Autor principal: Champeaux, Alfredo de (autor)
Formato: Libro
Idioma:Español
Temas:
Etiquetas: Agrega una etiqueta
Sin etiquetas, Sé el primero en etiquetar este registro!

MARC

LEADER 00000nam^a2200000^a^4500
001 000125433
005 20250526000000.0
009 20260310094650.405
037 |a Acervo ITESO - Biblioteca 
041 |a ESP 
082 |a 749. 2  |b CHA V. 1 
100 |a Champeaux, Alfredo de  |e (autor) 
245 1 3 |a El mobiliario :  |b antigüedad, Edad Media y Renacimiento /  |c A. de Champeaux. 
264 |a Madrid, España :  |b La España,  |c copyright fecha no identificada 
300 |a 296 p. ;  |c 21.0 cm. 
649 |a XX 
650 |a Muebles -  |x Historia 
650 |a Diseño 
650 |a Decoración y Ornamentación 
650 |a Arte 
910 |a Fondo Salvador Reynoso Reynoso 
920 |a Impresos - Libros 
930 |a Libros Antiguos y Raros 
905 |a 108 
901 |a 0800008274  |b IT2  |c LRA  |u 20250526 
902 |a https://opac.biblio.iteso.mx/vufind/Record/000125433